| 000 | 00606nam a2200193 u 4500 | ||
|---|---|---|---|
| 005 | 20240504063745.0 | ||
| 008 | 160525s2011 ag r 000 0 spa d | ||
| 035 | _aUPN01000210594 | ||
| 049 | _aCG | ||
| 050 | 4 |
_aT15 _bC6.5 |
|
| 245 | 0 | 0 |
_aCómo y por qué : _bhistoria de la tecnología y sus avances / _cdir. Luis Roberto Barone. |
| 260 |
_aBuenos Aires : _bClub Promocional del Libro, _c2011. |
||
| 300 |
_a70 p. : _bil. col. |
||
| 650 | 4 |
_aTECNOLOGIA - _xHISTORIA _99785 |
|
| 650 | 4 |
_aCiencia _xHistoria _94695 |
|
| 700 | 1 |
_aBarone, Luis Roberto, _edir. _938751 |
|
| 905 | _aLibro | ||
| 999 |
_c182695 _d182695 |
||